| 000 | 00842nam a2200229 a 4500 | ||
|---|---|---|---|
| 999 |
_c12127 _d12127 |
||
| 001 | 12127 | ||
| 003 | BD-JhCC | ||
| 005 | 20210318085334.0 | ||
| 008 | 210318s 2012bg |||| |||| 000 0 ben d | ||
| 020 | _a9789848933916 | ||
| 035 | _a(BD-JhCC)12127 | ||
| 040 |
_aBD-JhCC _dBD-JhCC |
||
| 041 | _aben | ||
| 082 |
_a005.432 _bASH 2012 |
||
| 100 | _aআশরাফ, বাপ্পি | ||
| 245 |
_aমাইক্রোসফট উইন্ডোজ ৮ ও ৭ উইন্ডোজ লাইভসহ / _cবাপ্পি আশরাফ |
||
| 260 |
_aঢাকা : _bজ্ঞানকোষ প্রকাশনী, _c২০১২ |
||
| 300 |
_a৪৫৪ পৃ. : _bচিত্রাবলী ; _c২৪ সেমি. |
||
| 650 | _aMicrosoft Windows (Computer file) | ||
| 650 | _aOperating systems (Computers) | ||
| 942 |
_2ddc _cBK |
||